[Event "35. Rilton Cup 2005/2006"]
[Site "Stockholm"]
[Date "2006.01.02"]
[Round "6.21"]
[White "Kosmo, Santul"]
[Black "Willemze, Thomas"]
[Result "0-1"]
[WhiteElo "2232"]
[BlackElo "2363"]
[PlyCount "56"]
[EventDate "2005.12.27"]
[EventType "swiss"]
[EventRounds "9"]
[EventCountry "SWE"]
[Source "lmi"]
[SourceDate "2006.01.06"]

1. e4 c6 2. c4 d5 3. cxd5 cxd5 4. exd5 Nf6 5. Nc3 Nxd5 6. Nf3 Nxc3 7. bxc3 Qc7
8. Qc2 g6 9. d4 Bg7 10. Bd3 O-O 11. O-O Bg4 12. Ne5 Bxe5 13. dxe5 Nd7 14. Re1
Rac8 15. Bh6 Rfd8 16. e6 Bxe6 17. Rxe6 fxe6 18. Bxg6 Qxc3 19. Bxh7+ Kh8 20. Qb1
Nf6 21. Bg6 Ng4 22. Bf4 Rd4 23. Bg3 Rdc4 24. Bd3 Rb4 25. Qf1 Rb2 26. Re1 Rf8
27. Be2 Ne3 28. Rc1 Nxf1 0-1

[Event "35. Rilton Cup 2005/2006"]
[Site "Stockholm"]
[Date "2006.01.02"]
[Round "6.23"]
[White "Haapasalo, Jukka Pekka"]
[Black "Couso, Luis"]
[Result "1/2-1/2"]
[WhiteElo "2195"]
[BlackElo "2347"]
[PlyCount "33"]
[EventDate "2005.12.27"]
[EventType "swiss"]
[EventRounds "9"]
[EventCountry "SWE"]
[Source "lmi"]
[SourceDate "2006.01.06"]

1. e4 c5 2. Nf3 e6 3. d4 cxd4 4. Nxd4 a6 5. c4 Nf6 6. Nc3 Qc7 7. a3 b6 8. Be3
Bb7 9. f3 d6 10. Be2 Nbd7 11. Rc1 Be7 12. O-O O-O 13. b4 Rac8 14. Qd2 Qb8 15.
Kh1 Bd8 16. Rc2 Bc7 17. Bg1 1/2-1/2

[Event "35. Rilton Cup 2005/2006"]
[Site "Stockholm"]
[Date "2006.01.02"]
[Round "6.24"]
[White "Akesson, Joel"]
[Black "Turpin, Alexander"]
[Result "1/2-1/2"]
[WhiteElo "2334"]
[BlackElo "2082"]
[PlyCount "65"]
[EventDate "2005.12.27"]
[EventType "swiss"]
[EventRounds "9"]
[EventCountry "SWE"]
[Source "lmi"]
[SourceDate "2006.01.06"]

1. d4 Nf6 2. c4 e6 3. Nf3 b6 4. a3 Bb7 5. Nc3 d5 6. Bg5 Be7 7. Bxf6 Bxf6 8.
cxd5 exd5 9. Qb3 O-O 10. g3 Re8 11. Bg2 c6 12. O-O Nd7 13. Rfd1 Nf8 14. e3 Bc8
15. Rac1 Bf5 16. Na2 Qd6 17. Nb4 Bd7 18. Nd3 Ng6 19. Qb4 Qc7 20. Qd2 Rac8 21.
Rf1 Bf5 22. Rc2 Qd6 23. Rfc1 Re7 24. Nfe1 Rec7 25. b4 Nf8 26. Rc3 Ne6 27. Qa2
Ng5 28. Nf4 Ne4 29. Bxe4 Bxe4 30. f3 Bf5 31. b5 Be6 32. bxc6 Rxc6 33. Qb2
1/2-1/2

[Event "35. Rilton Cup 2005/2006"]
[Site "Stockholm"]
[Date "2006.01.02"]
[Round "6.25"]
[White "Unmack, Christian"]
[Black "Stokke, Kjetil"]
[Result "0-1"]
[WhiteElo "2191"]
[BlackElo "2293"]
[PlyCount "30"]
[EventDate "2005.12.27"]
[EventType "swiss"]
[EventRounds "9"]
[EventCountry "SWE"]
[Source "lmi"]
[SourceDate "2006.01.06"]

1. d4 Nf6 2. c4 g6 3. Nc3 Bg7 4. e4 O-O 5. Nf3 d6 6. Be2 e5 7. O-O Na6 8. Be3
Ng4 9. Bg5 Qe8 10. c5 exd4 11. Nd5 Qxe4 12. Ne7+ Kh8 13. c6 Nb4 14. Nd2 Qe5 15.
Nxc8 Qxh2# 0-1

[Event "35. Rilton Cup 2005/2006"]
[Site "Stockholm"]
[Date "2006.01.03"]
[Round "7.2"]
[White "Johannessen, Leif Erlend"]
[Black "Miezis, Normunds"]
[Result "1/2-1/2"]
[WhiteElo "2564"]
[BlackElo "2470"]
[PlyCount "91"]
[EventDate "2005.12.27"]
[EventType "swiss"]
[EventRounds "9"]
[EventCountry "SWE"]
[Source "lmi"]
[SourceDate "2006.01.06"]

1. d4 Nf6 2. c4 e6 3. Nf3 d5 4. Nc3 c5 5. cxd5 exd5 6. Bg5 Be7 7. e3 cxd4 8.
Nxd4 O-O 9. Be2 Nc6 10. O-O Be6 11. Rc1 Rc8 12. Na4 Ne4 13. Bxe7 Qxe7 14. Nxc6
bxc6 15. Bd3 f5 16. f3 Nd6 17. Re1 Rf6 18. Nc5 Bf7 19. Ba6 Rb8 20. Qd4 Rh6 21.
b3 Rh4 22. f4 Rh6 23. g3 Ne4 24. Rc2 Rg6 25. Rec1 Nxc5 26. Rxc5 Be8 27. Bf1 Re6
28. Kf2 Re4 29. Qd2 g6 30. Bg2 Re6 31. b4 Kf8 32. Qd4 Qf6 33. a3 Qxd4 34. exd4
Rb7 35. Re1 Rxe1 36. Kxe1 Ke7 37. Kd2 Kd6 38. Kc3 h5 39. h4 Re7 40. Kd2 Rb7 41.
Bf3 Bd7 42. Kc3 Be8 43. a4 Re7 44. Kd2 Rb7 45. Kc3 Re7 46. Kd2 1/2-1/2

[Event "35. Rilton Cup 2005/2006"]
[Site "Stockholm"]
[Date "2006.01.03"]
[Round "7.6"]
[White "Cramling, Pia"]
[Black "Postny, Evgeny"]
[Result "1/2-1/2"]
[WhiteElo "2492"]
[BlackElo "2571"]
[PlyCount "54"]
[EventDate "2005.12.27"]
[EventType "swiss"]
[EventRounds "9"]
[EventCountry "SWE"]
[Source "lmi"]
[SourceDate "2006.01.06"]

1. d4 d5 2. Nf3 c6 3. c4 Nf6 4. Qb3 dxc4 5. Qxc4 Bf5 6. g3 e6 7. Bg2 Nbd7 8.
Nc3 Be7 9. Qb3 Qb6 10. Nd2 O-O 11. e4 Bg6 12. Nc4 Qa6 13. Bg5 Bd8 14. e5 Nd5
15. Bxd8 Rfxd8 16. Nd6 Rab8 17. Nxd5 cxd5 18. Bf1 Qa5+ 19. Qc3 Qb6 20. a4 Nf6
21. a5 Qc6 22. Bb5 Qxc3+ 23. bxc3 Ne4 24. Nxe4 Bxe4 25. Rf1 b6 26. Kd2 Rdc8 27.
Rfc1 Rc7 1/2-1/2

[Event "35. Rilton Cup 2005/2006"]
[Site "Stockholm"]
[Date "2006.01.03"]
[Round "7.8"]
[White "Iordachescu, Viorel"]
[Black "Willemze, Thomas"]
[Result "1/2-1/2"]
[WhiteElo "2583"]
[BlackElo "2363"]
[PlyCount "136"]
[EventDate "2005.12.27"]
[EventType "swiss"]
[EventRounds "9"]
[EventCountry "SWE"]
[Source "lmi"]
[SourceDate "2006.01.06"]

1. e4 c6 2. d4 d5 3. e5 Bf5 4. Nf3 e6 5. Be2 h6 6. O-O Ne7 7. Nbd2 Nd7 8. Re1
Bh7 9. c3 a6 10. b4 a5 11. Nb3 axb4 12. cxb4 Nc8 13. Bd2 Be7 14. a4 O-O 15. Qc1
f6 16. Bc3 fxe5 17. dxe5 c5 18. bxc5 Nxc5 19. Nxc5 Bxc5 20. Bd4 Bb4 21. Rd1 Ne7
22. Bd3 Bxd3 23. Rxd3 Rc8 24. Qb2 Rc4 25. Bc3 Qa5 26. Bxb4 Rxb4 27. Rb3 Rff4
28. h4 b5 29. Rxb4 Rxb4 30. axb5 Qxb5 31. Qc2 Qc4 32. Qd2 Nf5 33. h5 Rb8 34.
Qa5 Qg4 35. Qc7 Re8 36. Qc6 Qxh5 37. Ra4 Qf7 38. Kh2 Rb8 39. Qc2 Rf8 40. Kg1
Qb7 41. Qd3 Qc6 42. Qa6 Rc8 43. Kh2 Kh7 44. g4 Ne7 45. Nd4 Qxa6 46. Rxa6 Rc4
47. Rxe6 Rxd4 48. Rxe7 Rxg4 49. Rd7 Kg6 50. Rxd5 Kf5 51. Kh3 Rg6 52. Ra5 Kf4
53. Rb5 Rg5 54. Rb7 Kxe5 55. Rb4 Kf6 56. Ra4 Kf5 57. Rb4 Rg1 58. Ra4 g6 59. Rb4
h5 60. f3 g5 61. Kh2 Re1 62. Kg3 h4+ 63. Kg2 Re2+ 64. Kg1 Ra2 65. Rc4 h3 66.
Rg4 Ra3 67. Rg3 Kf4 68. Rg4+ Kf5 1/2-1/2

[Event "35. Rilton Cup 2005/2006"]
[Site "Stockholm"]
[Date "2006.01.03"]
[Round "7.10"]
[White "Hillarp Persson, Tiger"]
[Black "Nouro, Mikael"]
[Result "0-1"]
[WhiteElo "2534"]
[BlackElo "2349"]
[PlyCount "122"]
[EventDate "2005.12.27"]
[EventType "swiss"]
[EventRounds "9"]
[EventCountry "SWE"]
[Source "lmi"]
[SourceDate "2006.01.06"]

1. d4 Nf6 2. c4 d6 3. Nf3 g6 4. Nc3 Bg7 5. e4 O-O 6. Be2 Bg4 7. Be3 Nfd7 8. Rc1
a6 9. d5 Bxf3 10. gxf3 e5 11. h4 Nf6 12. b4 a5 13. a3 axb4 14. axb4 Na6 15. Qb3
c5 16. dxc6 bxc6 17. b5 cxb5 18. cxb5 Nc5 19. Qb4 Ne6 20. b6 Nd4 21. b7 Ra7 22.
h5 Qb8 23. h6 Bh8 24. Bxd4 Rxb7 25. Qxb7 Qxb7 26. Be3 d5 27. exd5 Nxd5 28. Nxd5
Qxd5 29. O-O e4 30. Rfd1 Qh5 31. Kg2 Be5 32. Rh1 Qf5 33. Rc5 exf3+ 34. Bxf3 Qf6
35. Rd1 Bf4 36. Bd4 Qe7 37. Rd5 Bxh6 38. Bc5 Qf6 39. Rh1 Bg7 40. Bxf8 Bxf8 41.
Rc1 Qf4 42. Rc6 h5 43. Rd3 h4 44. Kf1 g5 45. Bd5 Qf5 46. Ke2 Kg7 47. Rb6 h3 48.
Rb7 h2 49. Rb1 Bc5 50. Rf1 g4 51. f4 Bg1 52. Bh1 Qc5 53. f5 Kf6 54. Kd2 Qb4+
55. Ke2 Qb2+ 56. Rd2 Qe5+ 57. Kd1 g3 58. Bg2 Bd4 59. Re1 Qc5 60. Rf1 Be3 61.
Rc2 Qb5 0-1

[Event "35. Rilton Cup 2005/2006"]
[Site "Stockholm"]
[Date "2006.01.03"]
[Round "7.11"]
[White "Brynell, Stellan"]
[Black "Stokke, Kjetil"]
[Result "1-0"]
[WhiteElo "2496"]
[BlackElo "2293"]
[PlyCount "51"]
[EventDate "2005.12.27"]
[EventType "swiss"]
[EventRounds "9"]
[EventCountry "SWE"]
[Source "lmi"]
[SourceDate "2006.01.06"]

1. d4 Nf6 2. c4 g6 3. Nc3 Bg7 4. e4 O-O 5. Nf3 d6 6. Be2 e5 7. O-O Nc6 8. d5
Ne7 9. Bg5 Nh5 10. Ne1 Nf4 11. Nd3 Nxe2+ 12. Qxe2 h6 13. Bd2 f5 14. f4 exf4 15.
Nxf4 Kh7 16. Rae1 c6 17. Nd1 Ng8 18. Bc3 Re8 19. Bxg7 Kxg7 20. Qf3 Nf6 21. exf5
Bxf5 22. Rxe8 Qxe8 23. Ne6+ Kh7 24. Nc7 Qe5 25. Nxa8 Ng4 26. Qf4 1-0

[Event "35. Rilton Cup 2005/2006"]
[Site "Stockholm"]
[Date "2006.01.03"]
[Round "7.12"]
[White "Eriksson, Jonas"]
[Black "Jaracz, Pawel"]
[Result "0-1"]
[WhiteElo "2285"]
[BlackElo "2492"]
[PlyCount "119"]
[EventDate "2005.12.27"]
[EventType "swiss"]
[EventRounds "9"]
[EventCountry "SWE"]
[Source "lmi"]
[SourceDate "2006.01.06"]

1. d4 Nf6 2. c4 e6 3. Nf3 b6 4. g3 Bb4+ 5. Bd2 Be7 6. Nc3 Bb7 7. Bg2 c6 8. O-O
d5 9. cxd5 cxd5 10. Bf4 O-O 11. Ne5 Nbd7 12. Qa4 Nxe5 13. Bxe5 a6 14. Qb3 Nd7
15. Bf4 b5 16. Rac1 Rc8 17. Nxb5 axb5 18. Qxb5 g5 19. Bd2 Rb8 20. Ba5 Qe8 21.
Bc7 Nf6 22. Qb3 Qd7 23. Bxb8 Rxb8 24. Rc2 Bd6 25. Qe3 h6 26. h4 Nh7 27. hxg5
hxg5 28. b3 f5 29. Rfc1 Kg7 30. a4 Ra8 31. Qd2 Kg6 32. Qd3 Nf6 33. Qb5 Qxb5 34.
axb5 Ra5 35. Bf1 Ra3 36. Rb1 f4 37. gxf4 gxf4 38. e3 f3 39. Bd3+ Kg5 40. Kf1
Ne4 41. Kg1 Kf5 42. Rcc1 Ra8 43. Ra1 Rh8 44. Ra7 Bh2+ 45. Kf1 Bb8 46. Kg1 Bxa7
47. Rc7 Rg8+ 48. Kf1 Rc8 49. Rf7+ Kg4 50. Kg1 Rc1+ 51. Bf1 Nd2 52. Rg7+ Kh4 53.
Rh7+ Kg5 54. Rg7+ Kf6 55. Rxb7 Rxf1+ 56. Kh2 Rxf2+ 57. Kh3 Rh2+ 58. Kxh2 f2 59.
Rxa7 f1=Q 60. b6 0-1

[Event "35. Rilton Cup 2005/2006"]
[Site "Stockholm"]
[Date "2006.01.03"]
[Round "7.13"]
[White "Berczes, David"]
[Black "Marttala, Thomas"]
[Result "1-0"]
[WhiteElo "2475"]
[BlackElo "2269"]
[PlyCount "61"]
[EventDate "2005.12.27"]
[EventType "swiss"]
[EventRounds "9"]
[EventCountry "SWE"]
[Source "lmi"]
[SourceDate "2006.01.06"]

1. d4 g6 2. c4 Bg7 3. e4 d6 4. Nc3 Nf6 5. Be2 O-O 6. Nf3 Bg4 7. Be3 Nfd7 8. Qb3
Qc8 9. Rd1 c5 10. d5 Na6 11. h3 Bxf3 12. Bxf3 Nc7 13. Be2 a6 14. a4 Rb8 15. O-O
Qd8 16. f4 Ne8 17. Qc2 b6 18. h4 Nc7 19. h5 b5 20. hxg6 hxg6 21. e5 bxc4 22.
Bxc4 Rb4 23. Na2 Rb7 24. b3 Nb6 25. f5 Nxc4 26. bxc4 Bxe5 27. fxg6 Rb2 28. Qf5
Qe8 29. Bh6 Bg7 30. Bxg7 Kxg7 31. Qh3 1-0

[Event "35. Rilton Cup 2005/2006"]
[Site "Stockholm"]
[Date "2006.01.03"]
[Round "7.14"]
[White "Khmelniker, Ilya"]
[Black "Nithander, Victor"]
[Result "1-0"]
[WhiteElo "2430"]
[BlackElo "2243"]
[PlyCount "55"]
[EventDate "2005.12.27"]
[EventType "swiss"]
[EventRounds "9"]
[EventCountry "SWE"]
[Source "lmi"]
[SourceDate "2006.01.06"]

1. d4 Nf6 2. c4 g6 3. Nc3 Bg7 4. e4 d6 5. f4 O-O 6. Nf3 c5 7. dxc5 Qa5 8. Bd3
Qxc5 9. Qe2 Bg4 10. Be3 Qa5 11. O-O Nc6 12. Rac1 Nd7 13. Qf2 Bxf3 14. gxf3 Nc5
15. Bb1 Na4 16. Nxa4 Qxa4 17. b3 Qb4 18. Rfd1 Rfd8 19. Kh1 e6 20. f5 Qa5 21.
Qh4 Rd7 22. f6 Qd8 23. Bg5 h6 24. f4 Bf8 25. Rc3 e5 26. Rh3 h5 27. f5 Kh7 28.
Rg1 1-0

[Event "35. Rilton Cup 2005/2006"]
[Site "Stockholm"]
[Date "2006.01.03"]
[Round "7.15"]
[White "Sisatto, Olli"]
[Black "Gagarin, Vasilij"]
[Result "1/2-1/2"]
[WhiteElo "2250"]
[BlackElo "2422"]
[PlyCount "111"]
[EventDate "2005.12.27"]
[EventType "swiss"]
[EventRounds "9"]
[EventCountry "SWE"]
[Source "lmi"]
[SourceDate "2006.01.06"]

1. d4 d5 2. c4 c6 3. cxd5 cxd5 4. Nf3 Nf6 5. Nc3 a6 6. Bf4 e6 7. e3 Be7 8. h3
O-O 9. Bd3 b5 10. O-O Bb7 11. Rc1 Nbd7 12. Ne5 Qa5 13. Bb1 Rfc8 14. Bg5 Qd8 15.
f4 g6 16. Qe1 Ne4 17. Bxe7 Qxe7 18. Bxe4 dxe4 19. Nxd7 Qxd7 20. Ne2 Rxc1 21.
Qxc1 Bd5 22. b3 a5 23. Nc3 Rc8 24. Qd2 Bc6 25. a3 Bd5 26. Rb1 Qc6 27. Nxd5 exd5
28. Qxa5 Qc2 29. Qe1 Rc3 30. f5 Rxe3 31. Qxe3 Qxb1+ 32. Kh2 Qd3 33. Qf4 Qxd4
34. f6 h6 35. h4 h5 36. a4 bxa4 37. bxa4 Kh7 38. a5 Qa1 39. Qd6 Qe1 40. g3 Qf2+
41. Kh1 Qe1+ 42. Kg2 Qd2+ 43. Kh3 g5 44. hxg5 Qxg5 45. a6 Qf5+ 46. Kg2 Qf3+ 47.
Kh2 e3 48. a7 Qf2+ 49. Kh3 Qf5+ 50. Kh2 Qc2+ 51. Kh3 Qd1 52. Kh2 Qe2+ 53. Kh1
Qf1+ 54. Kh2 Qf2+ 55. Kh3 Qf5+ 56. Kh2 1/2-1/2

[Event "35. Rilton Cup 2005/2006"]
[Site "Stockholm"]
[Date "2006.01.03"]
[Round "7.16"]
[White "Lindberg, Bengt"]
[Black "Lindberg, Henrik"]
[Result "1-0"]
[WhiteElo "2420"]
[BlackElo "2239"]
[PlyCount "119"]
[EventDate "2005.12.27"]
[EventType "swiss"]
[EventRounds "9"]
[EventCountry "SWE"]
[Source "lmi"]
[SourceDate "2006.01.06"]

1. e4 c5 2. Nf3 Nc6 3. d4 cxd4 4. Nxd4 g6 5. c4 Bg7 6. Nc2 Nf6 7. Nc3 O-O 8.
Be2 d6 9. O-O Nd7 10. Bd2 Nc5 11. b4 Ne6 12. Rc1 a5 13. a3 Ned4 14. Nxd4 Nxd4
15. Be3 Nxe2+ 16. Qxe2 axb4 17. axb4 Bd7 18. Rfd1 Ra3 19. Nd5 Bc6 20. c5 dxc5
21. Bxc5 Bxd5 22. Rxd5 Qc8 23. Rcd1 Qe6 24. Rd7 Bf6 25. Rxb7 Ra2 26. Qd3 Rfa8
27. Rd7 Rb2 28. h3 Raa2 29. Qd5 Qxd5 30. R7xd5 Re2 31. Be3 Bh4 32. Rf1 e6 33.
Ra5 Rxa5 34. bxa5 Ra2 35. Bb6 Bf6 36. Rc1 h5 37. g3 h4 38. g4 Ra3 39. Rc8+ Kg7
40. Kg2 Ra4 41. Rc5 Bd4 42. Rb5 Bc3 43. e5 f6 44. exf6+ Kxf6 45. Bd8+ Kf7 46.
Rb7+ Ke8 47. Bb6 Bxa5 48. Ra7 Rxg4+ 49. hxg4 Bxb6 50. Rg7 h3+ 51. Kxh3 Bxf2 52.
g5 Bd4 53. Rxg6 Kf7 54. Rh6 Bg7 55. Rh5 Kg6 56. Kg4 Bf8 57. Rh1 Bg7 58. Re1 Kf7
59. Kh5 e5 60. Rf1+ 1-0

[Event "35. Rilton Cup 2005/2006"]
[Site "Stockholm"]
[Date "2006.01.03"]
[Round "7.17"]
[White "Ask, Josef"]
[Black "Kolbus, Dietmar"]
[Result "1/2-1/2"]
[WhiteElo "2236"]
[BlackElo "2413"]
[PlyCount "31"]
[EventDate "2005.12.27"]
[EventType "swiss"]
[EventRounds "9"]
[EventCountry "SWE"]
[Source "lmi"]
[SourceDate "2006.01.06"]

1. d4 Nf6 2. c4 g6 3. g3 Bg7 4. Bg2 d5 5. Nf3 O-O 6. O-O c6 7. cxd5 cxd5 8. Ne5
Nc6 9. Nxc6 bxc6 10. Nc3 Nd7 11. Na4 Ba6 12. b3 Bb5 13. Nc3 e6 14. Qd2 Qb6 15.
Rd1 Rfc8 16. Bf1 1/2-1/2

[Event "35. Rilton Cup 2005/2006"]
[Site "Stockholm"]
[Date "2006.01.03"]
[Round "7.18"]
[White "Velicka, Petr"]
[Black "Papadopoulou, Vera"]
[Result "1-0"]
[WhiteElo "2441"]
[BlackElo "2220"]
[PlyCount "117"]
[EventDate "2005.12.27"]
[EventType "swiss"]
[EventRounds "9"]
[EventCountry "SWE"]
[Source "lmi"]
[SourceDate "2006.01.06"]

1. b3 Nf6 2. Bb2 d5 3. Nf3 Bg4 4. e3 Nbd7 5. Be2 e6 6. h3 Bxf3 7. Bxf3 Bd6 8.
O-O O-O 9. c4 c6 10. Nc3 Re8 11. Qc2 Rc8 12. a3 Bb8 13. g3 Ne5 14. Be2 Qd6 15.
d4 Ng6 16. e4 dxe4 17. Nxe4 Nxe4 18. Qxe4 f5 19. Qd3 f4 20. Bh5 Rf8 21. Bxg6
hxg6 22. Qxg6 Rf6 23. Qg4 fxg3 24. fxg3 Qxg3+ 25. Qxg3 Bxg3 26. Kg2 Bd6 27. Rf3
Rg6+ 28. Kh1 c5 29. dxc5 Rxc5 30. Rd3 Bf4 31. Rg1 Rxg1+ 32. Kxg1 e5 33. a4 Rc7
34. Kf2 Rf7 35. Bc3 e4 36. Rd8+ Kh7 37. Ke2 Bg5 38. Rd5 Kg6 39. Bd2 Bxd2 40.
Kxd2 Rf3 41. Rb5 b6 42. h4 Rh3 43. b4 Rxh4 44. Ke3 Kf6 45. a5 Ke6 46. axb6 axb6
47. Rxb6+ Ke5 48. Rb5+ Ke6 49. Rc5 Rg4 50. b5 Kd7 51. b6 Rg3+ 52. Kxe4 Rb3 53.
Rc7+ Kd6 54. c5+ Ke6 55. Rxg7 Rb4+ 56. Kd3 Kd5 57. Rc7 Rb3+ 58. Kc2 Rb5 59. b7
1-0

[Event "35. Rilton Cup 2005/2006"]
[Site "Stockholm"]
[Date "2006.01.03"]
[Round "7.19"]
[White "Berczes, Csaba"]
[Black "Logdahl, Harald"]
[Result "1-0"]
[WhiteElo "2389"]
[BlackElo "2233"]
[PlyCount "75"]
[EventDate "2005.12.27"]
[EventType "swiss"]
[EventRounds "9"]
[EventCountry "SWE"]
[Source "lmi"]
[SourceDate "2006.01.06"]

1. e4 Nf6 2. e5 Nd5 3. c4 Nb6 4. d4 d6 5. exd6 cxd6 6. Nc3 g6 7. Be3 Bg7 8. Rc1
O-O 9. d5 e5 10. Nf3 Bg4 11. b3 f5 12. Be2 Bxf3 13. Bxf3 N8d7 14. Be2 e4 15.
Qd2 a6 16. O-O Ne5 17. c5 dxc5 18. Bxc5 Rf7 19. d6 Nbd7 20. Ba3 Qh4 21. Nd5 Bh6
22. Qd4 Raf8 23. f4 Bg7 24. Qd1 Ng4 25. h3 h5 26. Bb4 e3 27. Be1 Nf2 28. Rxf2
exf2+ 29. Bxf2 Qd8 30. Nc7 Kh7 31. Ne6 Qb8 32. Rc7 b5 33. Bf3 Qe8 34. Ng5+ Kh6
35. Nxf7+ Rxf7 36. Bd5 Rf6 37. Bc6 Rf7 38. Qe1 1-0

[Event "35. Rilton Cup 2005/2006"]
[Site "Stockholm"]
[Date "2006.01.03"]
[Round "7.20"]
[White "Nygren, Kim"]
[Black "Jens, Jelmer"]
[Result "1/2-1/2"]
[WhiteElo "2231"]
[BlackElo "2366"]
[PlyCount "73"]
[EventDate "2005.12.27"]
[EventType "swiss"]
[EventRounds "9"]
[EventCountry "SWE"]
[Source "lmi"]
[SourceDate "2006.01.06"]

1. e4 c5 2. Nf3 d6 3. d4 cxd4 4. Nxd4 Nf6 5. Nc3 a6 6. Bc4 e6 7. Bb3 b5 8. Bg5
b4 9. Na4 Bd7 10. Bxf6 gxf6 11. Qh5 Ke7 12. Nf5+ Ke8 13. O-O-O Qc7 14. Rd2 a5
15. Rhd1 Ra6 16. f4 h6 17. Nd4 Ke7 18. e5 dxe5 19. Nf5+ Ke8 20. fxe5 Qxe5 21.
Qf3 Qc7 22. Qe2 Ra7 23. Bc4 Rb7 24. Qe4 Kd8 25. Nd4 Kc8 26. Nb5 Qe5 27. Rxd7
Rxd7 28. Rxd7 Nxd7 29. Na7+ Kc7 30. Qc6+ Kb8 31. Qc8+ Kxa7 32. Qxd7+ Kb8 33.
Qd8+ Kb7 34. Qd7+ Kb8 35. Qd8+ Kb7 36. Qb6+ Ka8 37. Qd8+ 1/2-1/2

[Event "35. Rilton Cup 2005/2006"]
[Site "Stockholm"]
[Date "2006.01.03"]
[Round "7.21"]
[White "Couso, Luis"]
[Black "Flindt, Thomas"]
[Result "1-0"]
[WhiteElo "2347"]
[BlackElo "2177"]
[PlyCount "61"]
[EventDate "2005.12.27"]
[EventType "swiss"]
[EventRounds "9"]
[EventCountry "SWE"]
[Source "lmi"]
[SourceDate "2006.01.06"]

1. e4 e5 2. Nf3 d5 3. exd5 e4 4. Ne5 Qxd5 5. d4 exd3 6. Nxd3 Bd6 7. Nc3 Qf5 8.
Be3 Nf6 9. h3 O-O 10. Qd2 Ne4 11. Nxe4 Qxe4 12. O-O-O Qa4 13. Kb1 Be6 14. b3
Qc6 15. Bd4 a5 16. Nf4 a4 17. Nh5 axb3 18. axb3 Bxb3 19. cxb3 Qd5 20. Bxg7 Qxh5
21. Bb2 Be5 22. g4 Qg6+ 23. Bd3 Qg7 24. Rhe1 Nc6 25. Rxe5 Nxe5 26. f4 f6 27.
fxe5 fxe5 28. Bc4+ Kh8 29. Qd7 Qg6+ 30. Bd3 Qg7 31. Bxe5 1-0

[Event "35. Rilton Cup 2005/2006"]
[Site "Stockholm"]
[Date "2006.01.03"]
[Round "7.22"]
[White "Bentsen, Oyvind"]
[Black "Akesson, Joel"]
[Result "1-0"]
[WhiteElo "2146"]
[BlackElo "2334"]
[PlyCount "47"]
[EventDate "2005.12.27"]
[EventType "swiss"]
[EventRounds "9"]
[EventCountry "SWE"]
[Source "lmi"]
[SourceDate "2006.01.06"]

1. e4 c5 2. Nf3 Nc6 3. d4 cxd4 4. Nxd4 g6 5. Nc3 Bg7 6. Be3 Nf6 7. Bc4 Qa5 8.
O-O O-O 9. Bb3 d6 10. h3 Bd7 11. Re1 Rfe8 12. Qd3 Rac8 13. Rad1 Ne5 14. Qe2 Bc6
15. f4 Ned7 16. Bf2 Nh5 17. Qf3 Bh6 18. Nxc6 bxc6 19. Be3 Bg7 20. e5 Bxe5 21.
fxe5 Nxe5 22. Qf2 c5 23. Bg5 c4 24. Ba4 1-0

[Event "35. Rilton Cup 2005/2006"]
[Site "Stockholm"]
[Date "2006.01.03"]
[Round "7.23"]
[White "Turpin, Alexander"]
[Black "Van Beek, Alexander"]
[Result "0-1"]
[WhiteElo "2082"]
[BlackElo "2334"]
[PlyCount "122"]
[EventDate "2005.12.27"]
[EventType "swiss"]
[EventRounds "9"]
[EventCountry "SWE"]
[Source "lmi"]
[SourceDate "2006.01.06"]

1. d4 d5 2. Nf3 Nf6 3. c4 c6 4. Nc3 dxc4 5. a4 Bf5 6. e3 e6 7. Bxc4 Bb4 8. O-O
O-O 9. Ne5 Nbd7 10. Nd3 Bd6 11. f3 e5 12. dxe5 Nxe5 13. Nxe5 Bxe5 14. e4 Qb6+
15. Kh1 Be6 16. Bxe6 fxe6 17. Qe2 Nh5 18. Be3 Qc7 19. g4 Nf4 20. Qc2 Rf6 21.
Ne2 Ng6 22. Bg5 Rf7 23. Rf2 Qb6 24. Nc3 h6 25. Bc1 Raf8 26. Qe2 Qxf2 27. Qxf2
Rxf3 28. Qe2 Rf1+ 29. Kg2 Nh4+ 30. Kh3 R1f2 31. Kxh4 Rxe2 32. Nxe2 Rf2 33. Nf4
Bxf4 34. Bxf4 Rxf4 35. Re1 Rf2 36. b3 Rxh2+ 37. Kg3 Rb2 38. Re3 e5 39. Rd3 Kf8
40. Kh4 Ke7 41. Kg3 a5 42. Kf3 Kf6 43. Kg3 Kg5 44. Rf3 g6 45. Rd3 Rc2 46. Re3
b5 47. axb5 cxb5 48. Rd3 Rb2 49. Kf3 Kh4 50. Rc3 g5 51. Rd3 Rh2 52. Rd5 Rh3+
53. Ke2 Rxb3 54. Rxe5 Kxg4 55. Re8 Kf4 56. Kd2 a4 57. e5 Kf5 58. e6 Kf6 59. e7
Kf7 60. Rh8 Kxe7 61. Rxh6 g4 0-1

[Event "35. Rilton Cup 2005/2006"]
[Site "Stockholm"]
[Date "2006.01.03"]
[Round "7.24"]
[White "Jaracz, Barbara"]
[Black "Haapasalo, Jukka Pekka"]
[Result "1/2-1/2"]
[WhiteElo "2281"]
[BlackElo "2195"]
[PlyCount "50"]
[EventDate "2005.12.27"]
[EventType "swiss"]
[EventRounds "9"]
[EventCountry "SWE"]
[Source "lmi"]
[SourceDate "2006.01.06"]

1. e4 c5 2. Nf3 e6 3. d4 cxd4 4. Nxd4 a6 5. Bd3 Bc5 6. Nb3 Ba7 7. Qg4 Nf6 8.
Qg3 d6 9. O-O Nc6 10. Nc3 Ne5 11. Be2 Bd7 12. Bf4 h5 13. Bxe5 dxe5 14. Rad1 Qe7
15. Rd3 O-O-O 16. Qxe5 Bb8 17. Qc5+ Qxc5 18. Nxc5 Bc6 19. Bf3 g5 20. g3 g4 21.
Bg2 Be5 22. Nb3 b5 23. Nc5 b4 24. N3a4 Bb5 25. Rxd8+ Rxd8 1/2-1/2

[Event "35. Rilton Cup 2005/2006"]
[Site "Stockholm"]
[Date "2006.01.03"]
[Round "7.25"]
[White "Ullen, Jan"]
[Black "Eriksson, Jorgen"]
[Result "0-1"]
[WhiteElo "2125"]
[BlackElo "2234"]
[PlyCount "62"]
[EventDate "2005.12.27"]
[EventType "swiss"]
[EventRounds "9"]
[EventCountry "SWE"]
[Source "lmi"]
[SourceDate "2006.01.06"]

1. e4 d6 2. Nc3 c5 3. Nf3 Nf6 4. d4 cxd4 5. Nxd4 a6 6. Bg5 e6 7. f4 Qc7 8. Qf3
b5 9. a3 Bb7 10. Bd3 Nbd7 11. Nde2 Be7 12. O-O h6 13. Bh4 g5 14. fxg5 Ne5 15.
Qf4 Nfg4 16. h3 hxg5 17. Bxg5 Qc5+ 18. Kh1 f6 19. Bxf6 Nxf6 20. b4 Qb6 21. a4
bxa4 22. Nxa4 Qa7 23. Nc5 Nxd3 24. Nxd3 Bxe4 25. Nf2 Qb7 26. Rg1 Kd7 27. Ng3
Bxc2 28. Rae1 Bb3 29. Kh2 Bd5 30. Re3 Raf8 31. Rc3 Ne4 0-1

[Event "35. Rilton Cup 2005/2006"]
[Site "Stockholm"]
[Date "2006.01.04"]
[Round "8.1"]
[White "Rozentalis, Eduardas"]
[Black "Karlsson, Lars"]
[Result "1-0"]
[WhiteElo "2585"]
[BlackElo "2501"]
[PlyCount "76"]
[EventDate "2005.12.27"]
[EventType "swiss"]
[EventRounds "9"]
[EventCountry "SWE"]
[Source "lmi"]
[SourceDate "2006.01.06"]

1. e4 c5 2. Nf3 d6 3. Bc4 Nc6 4. O-O Nf6 5. d3 Bg4 6. h3 Bh5 7. g4 Bg6 8. g5 d5
9. Bb5 dxe4 10. Ne5 Nd7 11. Nxc6 bxc6 12. Bxc6 exd3 13. Bxa8 Qxa8 14. cxd3 h6
15. f4 hxg5 16. Qf3 Qc8 17. f5 Bh5 18. Qe4 f6 19. Nc3 Bf7 20. Qg2 g6 21. Bd2
gxf5 22. Rae1 f4 23. Nb5 e5 24. Ba5 Be7 25. Nxa7 Qb8 26. Nc6 Qa8 27. Qf3 Be6
28. Nxe5 Bd5 29. Ng6 Ne5 30. Rxe5 fxe5 31. Qg4 Rg8 32. Nxe5 Bf6 33. Re1 Rg7 34.
Qh5+ Ke7 35. Bc3 Be6 36. Qh6 Bxe5 37. Rxe5 Qg8 38. Rxe6+ Qxe6 1-0